Моja pеršа lоžečkа /

Hlavní autor: Niklová, Anna
Další autoři: Janata, Hana, Šmídová, Sylva, 1982-
Jazyk: Ukrajinština
Vydáno: Praha : Deržavnyj ìnstytut zdorov'ja, 2023
Vydání: 1. vydannja
Témata:
Fyzický popis: 20 stran : barevné ilustrace ; 21 cm
Knihy
Uloženo v:
LEADER 01798nam a2200529 i 4500
001 nkc20243626447
003 CZ PrNK
005 20240918083639.0
007 ta
008 240813s2023 xr a e f 000 0 ukro
015 |a cnb003626447 
020 |a 978-80-7071-439-3  |q (brožováno) 
035 |a (OCoLC)1459784830 
040 |a OLA001  |b cze  |e rda 
041 1 |a ukr  |h cze 
072 7 |a 613  |x Hygiena. Lidské zdraví  |2 Konspekt  |9 14 
080 |a 613.22  |2 MRF 
080 |a 316.346.32-053.3  |2 MRF 
080 |a 316.346.32-053.4  |2 MRF 
080 |a (036)  |2 MRF 
100 1 |a Niklová, Anna  |7 xx0202713  |4 aut 
240 1 0 |a Moje první lžička.  |l Ukrajinsky  |7 aun20241237358 
245 1 0 |a Моja pеršа lоžečkа /  |c Anna Nìklova, Hanna Janata, Syl‘va Šmydova 
250 |a 1. vydannja 
264 1 |a Praha :  |b Deržavnyj ìnstytut zdorov'ja,  |c 2023 
300 |a 20 stran :  |b barevné ilustrace ;  |c 21 cm 
336 |a text  |b txt  |2 rdacontent 
337 |a bez média  |b n  |2 rdamedia 
338 |a svazek  |b nc  |2 rdacarrier 
500 |a Přeloženo z češtiny 
500 |a Název z obálky 
650 0 7 |a výživa dětí  |7 ph135109  |2 czenas 
650 0 7 |a kojenci  |7 ph114943  |2 czenas 
650 0 7 |a batolata  |7 ph114130  |2 czenas 
650 0 9 |a children's nutrition  |2 eczenas 
650 0 9 |a infants  |2 eczenas 
650 0 9 |a toddlers  |2 eczenas 
655 7 |a informační publikace  |7 fd132454  |2 czenas 
655 9 |a information publications  |2 eczenas 
700 1 |a Janata, Hana  |7 ola2017950630  |4 aut 
700 1 |a Šmídová, Sylva,  |d 1982-  |7 jo2014807811  |4 aut 
910 2 |a BOA001  |b 2-1529.396 
928 9 |a Státní zdravotní ústav 
990 |a BK 
995 |a 01 
991 |b 202409  |c NOV 
996 6 |b 2610978154  |c 2-1529.396  |l MZK  |r Sklad / do 1 hodiny  |n 0  |p p.v.  |w 001975438  |u 000010  |a 1  |e BOA001  |j MZK50  |s P